000 00570nam a2200229Ia 4500
003 OSt
005 20221005131113.0
006 a|||||r|||| 00| 0
007 ta
008 221004b |||||||| |||| 00| 0 tam d
024 _a52428
037 _cTextual
040 _aCRL
_cCRL
_btam
041 _2tam
_atam
082 _aV212.C5, 31J6
100 _aKrishnasamyiyengar Au.
_9639101
245 0 _aSeran vanji
260 _c1956
650 _aHISTORY
942 _hV212.C5, 31J6
_cTEXL
_2cc
999 _c1059328
_d1059328